[Event "Cappelle op 18th"]
[Site "Cappelle la Grande"]
[Date "2002.02.14"]
[Round "6"]
[White "Cornette, Matthieu"]
[Black "Matlak, Marek"]
[Result "1/2-1/2"]
[WhiteElo "2357"]
[BlackElo "2488"]
[PlyCount "39"]
[EventDate "2002.02.09"]
[EventType "swiss"]
[EventRounds "9"]
[EventCountry "FRA"]
[SourceTitle "CBM 086 Extra"]
[Source "ChessBase"]
[SourceDate "2002.03.14"]
[SourceVersion "1"]
[SourceVersionDate "2002.03.14"]
[SourceQuality "1"]

1. e4 e6 2. d4 d5 3. Nc3 Bb4 4. Nge2 Nf6 5. e5 Ne4 6. a3 Nxc3 7. Nxc3 Bxc3+ 8. bxc3 0-0 9. Bd3 f5 10. exf6 Qxf6 11. 0-0 Nc6 12. Qh5 g6 13. Qg5 e5 14. Qxf6 Rxf6 15. Bg5 Rf7 16. dxe5 Nxe5 17. Rfe1 Nxd3 18. cxd3 Bd7 19. d4 Re8 20. Rxe8+ 1/2-1/2

[Event "CZE-chT 0102"]
[Site "Czech Republic"]
[Date "2002.01.13"]
[Round "7"]
[White "Theissl Pokorna, Regina"]
[Black "Matlak, Marek"]
[Result "1/2-1/2"]
[WhiteElo "2323"]
[BlackElo "2488"]
[PlyCount "44"]
[EventDate "2001.10.20"]
[EventType "team-tourn"]
[EventRounds "11"]
[EventCountry "CZE"]
[SourceTitle "EXT 2019"]
[Source "ChessBase"]
[SourceDate "2018.10.10"]
[SourceVersion "1"]
[SourceVersionDate "2018.10.10"]
[SourceQuality "1"]
[WhiteTeam "Praha Mahrla"]
[BlackTeam "Brno Lokomotiva"]
[WhiteTeamCountry "CZE"]
[BlackTeamCountry "CZE"]

1. e4 e6 2. d4 d5 3. Nd2 Nf6 4. e5 Nfd7 5. Bd3 c5 6. c3 Nc6 7. Ne2 Qb6 8. Nf3 f6 9. exf6 Nxf6 10. 0-0 Bd6 11. Nf4 cxd4 12. cxd4 0-0 13. Re1 Bd7 14. Nxe6 Rfe8 15. Bf5 Bb4 16. Bd2 Bxd2 17. Qxd2 Ne7 18. Nxg7 Kxg7 19. Qg5+ Ng6 20. Bxd7 Nxd7 21. h4 h6 22. Qxd5 Nf6 1/2-1/2